AH International Schools' Libraries

My jumbo vegetable pictionary / (Record no. 50147)

MARC details
000 -LEADER
fixed length control field 00288nam a2200109 4500
020 ## - INTERNATIONAL STANDARD BOOK NUMBER
International Standard Book Number 9789350890035
100 ## - MAIN ENTRY--PERSONAL NAME
Personal name Chawla, Ved
9 (RLIN) 87182
245 ## - TITLE STATEMENT
Title My jumbo vegetable pictionary /
Statement of responsibility, etc Ved Chawla
260 ## - PUBLICATION, DISTRIBUTION, ETC. (IMPRINT)
Place of publication, distribution, etc India
Name of publisher, distributor, etc Dreamland
Date of publication, distribution, etc 2017
300 ## - PHYSICAL DESCRIPTION
Extent 32 p.
Other physical details col. ill.
Dimensions Big Book
942 ## - ADDED ENTRY ELEMENTS (KOHA)
Source of classification or shelving scheme
Koha item type Book
Holdings
Withdrawn status Lost status Source of classification or shelving scheme Damaged status Not for loan Collection code Home library Current library Shelving location Date acquired Total Checkouts Full call number Barcode Date last seen Price effective from Koha item type
          Siem Reap Asian Hope Siem Reap Asian Hope Siem Reap Non Fiction 02/05/2026   BIG BOOK 641.3 CHA 209790 02/05/2026 02/05/2026 Book

For any Logos Library related questions please contact Miss Art at swongnarasuk@asianhope.org.

For any Asian Hope Library related questions please contact Miss Raza at graza@asianhope.org.

Powered by Koha